书目信息 |
| 题名: |
英语专业八级写作应试技巧与训练
|
|
| 作者: | 李兴文 , 熊惠珍 , 季晓燕 编著 | |
| 分册: | ||
| 出版信息: | 北京 国防工业出版社 2009.08 |
|
| 页数: | 158页 | |
| 开本: | 26cm | |
| 丛书名: | 全国高校英语专业八级应试必备系列 | |
| 单 册: | ||
| 中图分类: | H315 | |
| 科图分类: | ||
| 主题词: | 英语--ying yu--写作--高等学校--水平考试--自学参考资料 | |
| 电子资源: | ||
| ISBN: | 978-7-118-06467-4 | |
| 000 | 01275nam 2200289 450 | |
| 001 | 012010738166 | |
| 005 | 20100623172923.17 | |
| 010 | @a978-7-118-06467-4@dCNY22.00 | |
| 100 | @a20100623d2009 em y0chiy0120 ea | |
| 101 | 0 | @achi@aeng |
| 102 | @aCN@b110000 | |
| 105 | @ay a 000yy | |
| 106 | @ar | |
| 200 | 1 | @a英语专业八级写作应试技巧与训练@Aying yu zhuan ye ba ji xie zuo ying shi ji qiao yu xun lian@f李兴文, 熊惠珍, 季晓燕编著@Fli xing wen,xiong hui zhen,ji xiao yan bian zhu |
| 210 | @a北京@c国防工业出版社@d2009.08 | |
| 215 | @a158页@d26cm | |
| 225 | 2 | @a全国高校英语专业八级应试必备系列@Aquan guo gao xiao ying yu zhuan ye ba ji ying shi bi bei xi lie |
| 320 | @a有书目 (第158页) | |
| 330 | @a本书共6章,通过直击考试、写作技巧、常用句型、历年真题、范文阅读、实战演练等板块的设置,详尽介绍了英语专业八级考试对写作的要求和注意事项,归纳了应对考试写作部分的技巧方法和常用句型,以帮助考生理清复习思路,提高复习效率。 | |
| 410 | 0 | @12001 @a全国高校英语专业八级应试必备系列 |
| 606 | 0 | @a英语@Aying yu@x写作@x高等学校@x水平考试@j自学参考资料 |
| 690 | @aH315@v4 | |
| 701 | 0 | @a李兴文@Ali xing wen@4编著 |
| 701 | 0 | @a熊惠珍@Axiong hui zhen@4编著 |
| 701 | 0 | @a季晓燕@Aji xiao yan@4编著 |
| 801 | 0 | @aCN@bQSSK@c20100623 |
| 905 | @b782069-71@dH315@eL307@f3 | |
| 英语专业八级写作应试技巧与训练/李兴文, 熊惠珍, 季晓燕编著.-北京:国防工业出版社,2009.08 |
| 158页;26cm.-(全国高校英语专业八级应试必备系列) |
| ISBN 978-7-118-06467-4:CNY22.00 |
| 本书共6章,通过直击考试、写作技巧、常用句型、历年真题、范文阅读、实战演练等板块的设置,详尽介绍了英语专业八级考试对写作的要求和注意事项,归纳了应对考试写作部分的技巧方法和常用句型,以帮助考生理清复习思路,提高复习效率。 |
| ● |
| 相关链接 |
|
|
|
正题名:英语专业八级写作应试技巧与训练
索取号:H315/L307
 
预约/预借
| 序号 | 登录号 | 条形码 | 馆藏地/架位号 | 状态 | 备注 |
| 1 | 782069 | 207820697 | 语言库209/209语言库 37排2列3层/ [索取号:H315/L307] | 在馆 | |
| 2 | 782070 | 207820704 | 语言库209/209语言库 37排2列3层/ [索取号:H315/L307] | 在馆 | |
| 3 | 782071 | 207820713 | 语言库209/209语言库 37排2列3层/ [索取号:H315/L307] | 在馆 |